Szeged legmodernebb iskolájában a padlón ülnek a gyermekek a rókusi elemi iskolába sámlit visznek a diákok

Elmentve itt :
Bibliográfiai részletek
Dokumentumtípus: Cikk
Megjelent: 1930-09-20
Sorozat:Délmagyarország 6 No. 211
Kulcsszavak:Iskolatörténet Szeged 1930
Online Access:http://dmarchiv.bibl.u-szeged.hu/47315
LEADER 00501nab a2200145 i 4500
001 delm47315
005 20180927134924.0
008 180927s1930 hu o 0|| hun d
040 |a SZTE Délmagyarország Archívum  |b hun 
041 |a hun 
245 0 0 |a Szeged legmodernebb iskolájában a padlón ülnek a gyermekek   |h [elektronikus dokumentum] :  |b a rókusi elemi iskolába sámlit visznek a diákok 
260 |c 1930-09-20 
300 |a 3 
490 0 |a Délmagyarország  |v 6 No. 211 
695 |a Iskolatörténet Szeged 1930